Bibliobús Pedraforca : 2018 2018
Descripción Física:
1 imant autoadhesiu : il·lustracions ; 10 x 15 cm
Idioma:
Catalán
MARC
| LEADER | 00000npm a2200000 a 4500 | ||
|---|---|---|---|
| 001 | 26233 | ||
| 008 | 220712b spa||||| |||| 00| 0 cat d | ||
| 080 | |a NBM-14-49 | ||
| 245 | |a Bibliobús Pedraforca : |b 2018 | ||
| 260 | |a Barcelona : |b Diputació de Barcelona. Xarxa de Biblioteques Municipals, |c 2017 | ||
| 300 | |a 1 imant autoadhesiu : |b il·lustracions ; |c 10 x 15 cm | ||
| 500 | |a Imant autoadhesiu que conté els horaris del Bibliobús Pedraforca durant l'any 2018. | ||
| 610 | 2 | 0 | |9 52872 |a Bibliobús Pedraforca |
| 650 | 0 | |a Bibliobusos |z Barcelona (Catalunya : Província) |9 30563 | |
| 655 | 0 | |a Imants |9 55150 | |
| 710 | 1 | |a Barcelona (Catalunya : Província). |b Xarxa de Biblioteques Municipals |9 52650 | |
| 942 | |2 udc |c ARXIU |n 1 | ||
| 952 | |0 0 |1 0 |4 0 |6 NBM1449 |7 1 |9 62751 |a Arxiu |b Arxiu |d 2022-07-12 |l 0 |o NBM-14-49 |p 26233 |r 2022-07-12 00:00:00 |w 2022-07-12 |y ARXIU | ||
| 999 | |c 82270 |d 82270 | ||